01557nab a22002537a 4500999001500000003000400015005001700019008004100036040000700077100004400084245017800128260007300306300001500379500007000394505045100464505008900915650003501004650002601039650003701065650002901102650002101131773013801152942001301290 c5672d5672OSt20251226222706.0190603e xxum|||| |||| 00| 0 spa d cPJ 96499aDíaz Etulain, Andrés Santiago13aLa obtención del dominio por el transcurso del tiempo. La prescripción adquisitiva larga y una crítica a su rigurosidad probatoria /cAndrés Santiago Díaz Etulain. cCiudad Autónoma de Buenos Aires :aThomson Reuters La Ley, b2025. ap. 283-296 aCita: TR LALEY AR/DOC/425/2025 Publicado en: RCCyC 2025 (junio). aSumario: I. Introducción.— II. Definición de derechos reales.— III. Definición del Cód. Civ. y Com.— IV. Clasificación de los derechos reales.— V. Relación de poder: tenencia y posesión.— VI. Clasificación de la posesión.— VII. Definición de usucapión.— VIII. Definición de usucapión en el Cód. Civ. y Com.— IX. Acción declarativa de usucapión.— X. ¿Rigurosidad probatoria?— XI. Conclusión.  t¿Te interesa el texto completo? Solicitalo al correo: koha@justierradelfuego.gov.ar 091497aCODIGO CIVIL Y COMERCIAL 091821aDERECHOS REALES 092324aPRESCRIPCIÓN ADQUISITIVA 093927aCARGA DE LA PRUEBA 092289aPOSESIÓN0 0271393170dCiudad Autónoma de Buenos Aires : Thomson Reuters La Ley, 2015-tRevista Código Civil y Comercial. Nº 3 - Junio 2025 2udccANA